000
00283nam a2200109Ia 4500
008
190914s9999||||xx |||||||||||||| ||und||
100
_a
Gosling,James
245
4
_a
The Java Application Programming Interface
260
_a
Canada
_b
Tata McGraw Hill
_c
2000
300
_a
266
942
_c
BK
999
_c
9695
_d
9695